Effectif ASM Clermont 2026 - Statistiques

Statistiques générales
  • Ce quiz a été pris 39 fois
  • Le résultat moyen est 23 sur 54
Statistiques - réponses
Poste Nationalité Statut Match Joué Joueur % Correct
Talonneur France Espoir 17 Barnabé Massa
85%
Demi d'Ouverture Nouvelle-Zélande International 20 Harry Plummer
85%
Demi de mêlée France International 15 Baptiste Jauneau
81%
Ailier France International 6 Alivereti Raka
78%
Talonneur France Pro 17 Etienne Fourcade
70%
Troisième Ligne Argentine International 8 Marcos Kremer
70%
Pilier Droit France International 13 Regis Montagne
70%
Demi de mêlée France International 10 Sébastien Bezy
70%
Ailier Argentine International 13 Bautista Delguy
67%
Troisième Ligne France International 19 Killian Tixeront
67%
Centre Tonga International 6 George Moala
63%
Centre France Pro 10 Léon Darricarrère
63%
Centre Fidji Pro 13 Alivereti Loaloa
59%
Arrière France Pro 13 Kylian Hamdaoui
59%
Troisième Ligne Fidji International 13 Pit-Gus Sowakula
59%
Arrière Australie Pro 14 Alex Newsome
56%
Entraineur France Christophe Urios
56%
Ailier France Pro 10 Lucas Tauzin
56%
Demi de mêlée France Espoir 15 Lucas Zamora
56%
Deuxième Ligne Australie International 17 Rob Simmons
56%
Pilier Gauche France International 10 Etienne Falgoux
52%
Ailier France Pro 12 Joris Jurand
52%
Troisième Ligne France Pro 11 Lucas Dessaigne
52%
Deuxième Ligne France Pro 13 Thibaud Lanen
52%
Troisième Ligne France Pro 15 Anthime Hemery
44%
Pilier Droit Moldavie Pro 20 Christian Ojovan
44%
Centre Australie International 13 Irae Simone
44%
Talonneur Samoa International 6 Seilala Lam
44%
Pilier Gauche Géorgie International 16 Giorgi Akhaladze
41%
Deuxième Ligne France Espoir 7 Léo Michaux
41%
Pilier Gauche France Espoir 4 Mathéo Frisach
41%
Pilier Gauche France Pro 13 Sacha Lotrian
37%
Troisième Ligne France International 18 Selevasio Tolofua
37%
Demi d'Ouverture France Espoir 11 Tom Raffy
37%
Ailier France Pro 7 Yerim Fall
37%
Deuxième Ligne Fidji International 10 Tevita Ratuva
33%
Arrière France Espoir 8 Axel Guillaud
30%
Centre France Pro 4 Pierre Fouyssac
30%
Talonneur Australie International 4 Folau Fainga'a
26%
Demi d'Ouverture Argentine Espoir 2 Juan Martin Montilla
26%
Centre France Espoir 5 Timéo Frier
26%
Deuxième Ligne France Espoir 1 Baptiste Veschambre
19%
Troisième Ligne Fidji Pro 14 Pio Muarua
19%
Pilier Gauche/Droit Géorgie Espoir 2 Giga Tutisani
15%
Président France Jean-Claude Pats
15%
Deuxième Ligne France Pro 15 Thomas Ceytes
15%
Talonneur France Espoir 2 Tom Belkessa
15%
Pilier Droit Géorgie International 10 Girogi Dzamanashvili
11%
Centre France Espoir 2 Mathys Belaubre
11%
Troisième Ligne France Espoir 1 Antoine Chalus
7%
Troisième Ligne France Espoir 1 Louis Vermeulen
7%
Pilier Droit Samoa International 0 Michael Alaalatoa
7%
Demi de mêlée Pays-Bas Espoir 2 Niek Doornenbal
7%
Deuxième Ligne Italie Espoir 0 Pierro Gritti
0%
Aucun quiz correspondant
Distribution des résultats
% des personnes avec chaque résultat
Percentile par nombre de réponses
Votre historique - résultats
Vous n’avez pas pris ce quiz